Normal view
MARC view
- Akib, Jamel
Entry Personal Name
001 - CONTROL NUMBER
- control field: 86039
003 - CONTROL NUMBER IDENTIFIER
- control field: OSt
005 - DATE AND TIME OF LATEST TRANSACTION
- control field: 20250210142704.0
008 - FIXED-LENGTH DATA ELEMENTS
- fixed length control field: 250210|| aca||aabn | a|a d
040 ## - CATALOGING SOURCE
- Original cataloging agency: OSt
- Transcribing agency: OSt
100 ## - HEADING--PERSONAL NAME
- Personal name: Akib, Jamel
670 ## - SOURCE DATA FOUND
- Source citation: Work cat.: (OSt)48404: McFadden, Deanna, author. 61738, Frankenstein /, 2006.